000 00543nam a2200193Ia 4500
999 _c1456
_d1456
003 OSt
005 20200922143628.0
008 190216s9999||||xx |||||||||||||| ||und||
020 _a8171332765
040 _coclc
082 _a580
_bSIN/T
100 _aSingh, V
_94777
245 0 _aA Textbook Of Botany:
_b Lower Plants /
_cV Singh ; P C Pande ; D K Jain
250 _a1st Ed.
260 _bRasthogi Publications,
_aMeerut:
_c1996.
300 _a1140p
650 _aBotany
942 _cBK
_2ddc
_h580
_iSIN/T
_k580
_mSIN/T